| 000 | 00637nam a2200229Ia 4500 | ||
|---|---|---|---|
| 003 | OSt | ||
| 005 | 20230531093634.0 | ||
| 008 | 210423s2011 xx 000 0 und d | ||
| 020 | _a978-81-316-0362-8 | ||
| 040 | _cAL | ||
| 041 | _aeng | ||
| 082 | _a305.5122 NORA | ||
| 100 |
_aNARWANI (G S) _9117467 |
||
| 245 | _aAtrocities against scheduled castes and scheduled tribes | ||
| 260 |
_aNew Delhi _bRawat Publications _c2011 |
||
| 300 |
_aix,187 _bHB |
||
| 365 |
_b525 _cINR |
||
| 650 |
_aSocial Classes _9117468 |
||
| 650 |
_aSociology _9117469 |
||
| 906 | _aagainst ; Atrocities ; castes ; scheduled ; tribes | ||
| 942 |
_2ddc _cBK |
||
| 999 |
_c176324 _d176324 |
||